000 00541nam a2200181Ia 4500
005 20250423101207.0
008 250422s9999 xx 000 0 und d
020 _a9780521301091
050 _aPS 92 .C34/
100 _aEdited by Sacvan Bercovitch
245 4 _aThe Cambridge history of American literature (Vol. 5): poetry and criticism 1900 - 1950
260 _aCambridge
260 _bCambridge University Press
260 _c2008
300 _a624 p
650 _a American literature--History and criticism.
942 _cBK
999 _c35574
_d35574